[Event "POR-chT"]
[Site "Sao Joao da Madeira"]
[Date "2023.07.22"]
[Round "8.1"]
[White "Cumming, Rhys"]
[Black "Simoes, Miguel Patricio"]
[Result "1-0"]
[WhiteElo "2337"]
[BlackElo "2042"]
[PlyCount "101"]
[EventDate "2023.07.17"]
[EventType "team-tourn"]
[EventRounds "9"]
[EventCountry "POR"]
[SourceTitle "CBM 215 Extra"]
[Source "ChessBase"]
[SourceDate "2023.09.30"]
[SourceVersion "1"]
[SourceVersionDate "2023.09.30"]
[SourceQuality "1"]
[WhiteTeam "Montemor o Velho"]
[BlackTeam "Corvos Do Lis"]
[WhiteTeamCountry "POR"]
[BlackTeamCountry "POR"]

1. e4 e5 2. Nf3 Nc6 3. Nc3 Nf6 4. Bb5 Bc5 5. 0-0 0-0 6. Nxe5 Re8 7. Nf3 Nxe4 8. Nxe4 Rxe4 9. c3 d5 10. d4 Bd6 11. Ng5 Re7 12. Bd3 h6 13. Qh5 Qd7 14. h3 f5 15. Nf3 Qe8 16. Qxe8+ Rxe8 17. Nh4 Ne7 18. Re1 Bd7 19. f4 g5 20. Nf3 Bxf4 21. Bxf4 gxf4 22. Ne5 Be6 23. Rf1 Kg7 24. Rxf4 Rf8 25. Raf1 Rae8 26. R4f2 Rf6 27. Be2 Ref8 28. Nd3 Bc8 29. Nf4 Kh7 30. Bd3 c6 31. Re1 Ng6 32. Nxg6 Rxg6 33. Re7+ Rg7 34. Rfe2 Kg8 35. Kf2 Rxe7 36. Rxe7 Rf7 37. Re5 Kg7 38. Kf3 f4 39. Re8 Bd7 40. Rb8 a6 41. Kf2 f3 42. g4 Be6 43. Re8 Bd7 44. Re5 Bc8 45. Bc2 Bd7 46. Bd1 Kf6 47. Bxf3 Kg6 48. Kg3 Kf6 49. Be2 Rg7 50. Bd3 Be6 51. Rh5 1-0

[Event "POR-chT"]
[Site "Sao Joao da Madeira"]
[Date "2023.07.20"]
[Round "5.1"]
[White "Simoes, Miguel Patricio"]
[Black "Dardha, Daniel"]
[Result "0-1"]
[WhiteElo "2042"]
[BlackElo "2600"]
[PlyCount "132"]
[EventDate "2023.07.17"]
[EventType "team-tourn"]
[EventRounds "9"]
[EventCountry "POR"]
[SourceTitle "CBM 215 Extra"]
[Source "ChessBase"]
[SourceDate "2023.09.30"]
[SourceVersion "1"]
[SourceVersionDate "2023.09.30"]
[SourceQuality "1"]
[WhiteTeam "Corvos Do Lis"]
[BlackTeam "Gaia"]
[WhiteTeamCountry "POR"]
[BlackTeamCountry "POR"]

1. e4 c5 2. Nf3 d6 3. d4 Nf6 4. Nc3 cxd4 5. Qxd4 a6 6. Bg5 Nc6 7. Qd2 b5 8. a3 h6 9. Bh4 g5 10. Bg3 Nh5 11. Nd4 Nxd4 12. Qxd4 Bg7 13. Qe3 Bb7 14. 0-0-0 Rc8 15. Be2 Nxg3 16. hxg3 Qc7 17. Rd3 Qc5 18. Qxc5 Rxc5 19. Nd5 e6 20. Ne3 Be5 21. Bf3 h5 22. Rxh5 Rxh5 23. Bxh5 Bxe4 24. Rd2 d5 25. Bf3 Bg6 26. Be2 Ke7 27. Bd3 Bxd3 28. Rxd3 Rc8 29. Rb3 Bd4 30. Kd2 Bc5 31. Kd3 Kd6 32. Kd2 Rh8 33. Ke2 Rh1 34. g4 Rc1 35. Kd2 Rg1 36. g3 Bb6 37. Ke2 Rc1 38. Kd2 Ra1 39. Rd3 Rh1 40. Ke2 Rh8 41. Rd1 Rh2 42. Kf3 Kc6 43. c3 Bc5 44. Re1 Kd7 45. Nd1 Bd6 46. Ne3 a5 47. b4 Rh8 48. Ke2 Rc8 49. Kd3 Be5 50. Nxd5 Kd6 51. Ne3 Rxc3+ 52. Ke4 Bg7 53. Rd1+ Kc6 54. Rd3 a4 55. Rxc3+ Bxc3 56. f4 Bb2 57. Nc2 f6 58. Kd3 Kd5 59. Ne3+ Kd6 60. Nc2 e5 61. f5 Bc1 62. Ke4 Kc6 63. Ne1 Bxa3 64. Nd3 Bb2 65. Nxb2 a3 66. Kd3 a2 0-1

[Event "Queima das Fitas op"]
[Site "Coimbra"]
[Date "2022.04.23"]
[Round "1"]
[White "Filipe, Gustavo Castro"]
[Black "Simoes, Miguel Patricio"]
[Result "0-1"]
[WhiteElo "1417"]
[BlackElo "2044"]
[PlyCount "48"]
[EventDate "2022.04.23"]
[EventType "swiss"]
[EventRounds "7"]
[EventCountry "POR"]
[SourceTitle "EXT 2023"]
[Source "ChessBase"]
[SourceDate "2022.10.05"]
[SourceVersion "1"]
[SourceVersionDate "2022.10.05"]
[SourceQuality "1"]

1. e4 e5 2. Nf3 Nc6 3. Bb5 a6 4. Ba4 Nf6 5. 0-0 Be7 6. Re1 b5 7. Bb3 0-0 8. a4 b4 9. c3 Rb8 10. d4 bxc3 11. bxc3 d6 12. h3 h6 13. a5 exd4 14. cxd4 d5 15. e5 Ne4 16. Nbd2 Bf5 17. Nxe4 dxe4 18. Nd2 Qxd4 19. Ra4 Bb4 20. Qe2 Qxe5 21. Nc4 Qc3 22. Nd2 Nd4 23. Qe3 Nxb3 24. Nxb3 Qxe1+ 0-1

[Event "POR-ch U14/20"]
[Site "Fatima"]
[Date "2022.04.12"]
[Round "4"]
[White "Fonseca, Pedro Miguel Ramos"]
[Black "Simoes, Miguel Patricio"]
[Result "0-1"]
[WhiteElo "1788"]
[BlackElo "2001"]
[PlyCount "100"]
[EventDate "2022.04.10"]
[EventType "swiss"]
[EventRounds "9"]
[EventCountry "POR"]
[SourceTitle "EXT 2023"]
[Source "ChessBase"]
[SourceDate "2022.10.05"]
[SourceVersion "1"]
[SourceVersionDate "2022.10.05"]
[SourceQuality "1"]

1. e4 e5 2. Nf3 Nc6 3. Bc4 Bc5 4. c3 Nf6 5. d4 exd4 6. b4 Be7 7. e5 Ng4 8. cxd4 Bxb4+ 9. Kf1 d5 10. Bd3 h5 11. Qa4 Be7 12. Bb5 Bd7 13. Nc3 a6 14. Nxd5 0-0 15. Nxe7+ Qxe7 16. Bxc6 Bxc6 17. Qc2 Qe6 18. Ng5 Qg6 19. Qxg6 fxg6 20. f3 Nh6 21. Ne6 Rf7 22. Nf4 Rd8 23. e6 Rf6 24. Be3 Nf5 25. Kf2 Nxe3 26. Kxe3 g5 27. Nxh5 Rxe6+ 28. Kf2 Rxd4 29. Rhd1 Rh4 30. Rd8+ Kh7 31. Ng3 Rxh2 32. Rc8 g4 33. Kg1 Rh4 34. Nf5 Rh5 35. fxg4 Rg5 36. Nd4 Re4 37. Nxc6 Rexg4 38. Kf2 Rxg2+ 39. Kf3 R2g3+ 40. Kf4 R3g4+ 41. Kf3 bxc6 42. Rxc7 Rc4 43. Rb1 a5 44. Rb6 c5 45. Rb5 Ra4 46. Rb2 Rh5 47. Kg3 Rd5 48. Rh2+ Kg6 49. Kf3 Ra3+ 50. Ke4 Rd4+ 0-1

[Event "POR-ch U14/20"]
[Site "Fatima"]
[Date "2022.04.11"]
[Round "3"]
[White "Simoes, Miguel Patricio"]
[Black "Sousa, Ricardo Miguel Mora"]
[Result "1-0"]
[WhiteElo "2001"]
[BlackElo "2077"]
[PlyCount "49"]
[EventDate "2022.04.10"]
[EventType "swiss"]
[EventRounds "9"]
[EventCountry "POR"]
[SourceTitle "EXT 2023"]
[Source "ChessBase"]
[SourceDate "2022.10.05"]
[SourceVersion "1"]
[SourceVersionDate "2022.10.05"]
[SourceQuality "1"]

1. e4 c6 2. Nc3 d5 3. Nf3 Bg4 4. h3 Bxf3 5. Qxf3 e6 6. d4 Nf6 7. e5 Nfd7 8. Bf4 c5 9. dxc5 Bxc5 10. Qg3 Rg8 11. 0-0-0 Nc6 12. Bb5 a6 13. Ba4 Qa5 14. Bb3 0-0-0 15. Bd2 Qc7 16. f4 Nb6 17. Rhf1 Nc4 18. Bxc4 dxc4 19. Be3 Bxe3+ 20. Qxe3 g5 21. g3 gxf4 22. gxf4 Ne7 23. Qa7 Qc6 24. Rg1 Rxg1 25. Qa8+ 1-0

[Event "POR-chT"]
[Site "Peniche"]
[Date "2021.07.22"]
[Round "6.4"]
[White "Simoes, Miguel Patricio"]
[Black "Espineira Gonzalez, Diego Adrian"]
[Result "1/2-1/2"]
[WhiteElo "2051"]
[BlackElo "2339"]
[PlyCount "75"]
[EventDate "2021.07.19"]
[EventType "team-tourn"]
[EventRounds "9"]
[EventCountry "POR"]
[SourceTitle "CBM 203 Extra"]
[Source "ChessBase"]
[SourceDate "2021.09.30"]
[SourceVersion "1"]
[SourceVersionDate "2021.09.30"]
[SourceQuality "1"]
[WhiteTeam "Corvos Do Lis"]
[BlackTeam "Amanha da Crianca"]
[WhiteTeamCountry "POR"]
[BlackTeamCountry "POR"]

1. e4 e6 2. d4 d5 3. Nd2 Be7 4. Ngf3 Nf6 5. Bd3 c5 6. exd5 Qxd5 7. dxc5 Nbd7 8. 0-0 Nxc5 9. Bc4 Qd8 10. Nb3 0-0 11. Qxd8 Rxd8 12. Nxc5 Bxc5 13. Bg5 b6 14. Rad1 Bb7 15. Be2 h6 16. Bh4 g5 17. Bg3 Ne4 18. Bd3 f6 19. Nd2 Nxg3 20. hxg3 Kf7 21. Nb3 Be7 22. Rfe1 Rac8 23. c3 e5 24. g4 Rd6 25. Nc1 Bd5 26. Bc2 Rcd8 27. a3 Bc4 28. Rxd6 Rxd6 29. Rd1 Rxd1+ 30. Bxd1 Be6 31. Bb3 Bxb3 32. Nxb3 Kg6 33. Kf1 h5 34. gxh5+ Kxh5 35. Nd2 Kg4 36. Ke2 Kf5 37. f3 g4 38. Ne4 1/2-1/2

[Event "POR-chT"]
[Site "Peniche"]
[Date "2021.07.20"]
[Round "3.4"]
[White "Cumming, Rhys"]
[Black "Simoes, Miguel Patricio"]
[Result "1-0"]
[WhiteElo "2360"]
[BlackElo "2051"]
[PlyCount "117"]
[EventDate "2021.07.19"]
[EventType "team-tourn"]
[EventRounds "9"]
[EventCountry "POR"]
[SourceTitle "CBM 203 Extra"]
[Source "ChessBase"]
[SourceDate "2021.09.30"]
[SourceVersion "1"]
[SourceVersionDate "2021.09.30"]
[SourceQuality "1"]
[WhiteTeam "Montemor o Velho"]
[BlackTeam "Corvos Do Lis"]
[WhiteTeamCountry "POR"]
[BlackTeamCountry "POR"]

1. d4 Nf6 2. Bg5 Ne4 3. Bf4 d5 4. e3 g6 5. f3 Nf6 6. Nc3 Bg7 7. Qd2 0-0 8. 0-0-0 b6 9. h4 h5 10. g4 hxg4 11. Qh2 Bf5 12. Bd3 Qd7 13. e4 dxe4 14. fxe4 g3 15. Bxg3 Bg4 16. Nge2 Bh5 17. e5 Ng4 18. Qg2 c6 19. Qe4 f5 20. exf6 Nxf6 21. Qg2 Ng4 22. Nf4 Bh6 23. Qe4 Nf2 24. Bxf2 Rxf4 25. Qe3 Bxd1 26. Kxd1 Qg4+ 27. Ke1 Bg7 28. Rg1 Bxd4 29. Rxg4 Bxe3 30. Rxg6+ Kf7 31. Bxe3 Rxh4 32. Rg1 Nd7 33. Bg6+ Ke6 34. Bg5 Rhh8 35. Be4 Ne5 36. Bf4 Rac8 37. Rg5 Rcg8 38. Rxe5+ Kf6 39. Rf5+ Ke6 40. Re5+ Kf6 41. Rf5+ Ke6 42. Rg5 Rxg5 43. Bxg5 c5 44. Kf2 Ke5 45. Bxe7 Rh2+ 46. Bg2 Rh5 47. Kg3 Rh7 48. Bg5 a6 49. Bf4+ Kd4 50. Ne2+ Kc4 51. Be4 Rd7 52. Kf3 b5 53. a3 b4 54. Bc6 bxa3 55. b3+ Kb4 56. Bxd7 a2 57. Be5 Ka3 58. Be6 a5 59. Ke3 1-0

[Event "Pombal op 11th"]
[Site "Pombal"]
[Date "2020.10.05"]
[Round "6"]
[White "Fernandes, Paulo Jose Martins"]
[Black "Simoes, Miguel Patricio"]
[Result "0-1"]
[WhiteElo "1948"]
[BlackElo "1882"]
[PlyCount "94"]
[EventDate "2020.10.02"]
[EventType "swiss"]
[EventRounds "7"]
[EventCountry "POR"]
[SourceTitle "CBM 198 Extra"]
[Source "ChessBase"]
[SourceDate "2020.11.30"]
[SourceVersion "1"]
[SourceVersionDate "2020.11.30"]
[SourceQuality "1"]

1. d4 Nf6 2. Nf3 g6 3. Bg5 Bg7 4. Nbd2 d5 5. e3 0-0 6. c4 c6 7. Bd3 Be6 8. 0-0 Nbd7 9. Rc1 Rc8 10. b4 Re8 11. Bxf6 Nxf6 12. Qb3 dxc4 13. Bxc4 Bxc4 14. Nxc4 Qd5 15. Nfe5 Ne4 16. Qc2 Nd6 17. Nd3 Red8 18. Nce5 Rc7 19. a4 Rdc8 20. Nf4 Qe4 21. Qxe4 Nxe4 22. Nfd3 Bxe5 23. Nxe5 b6 24. Rc2 c5 25. Rfc1 f6 26. f3 Nd6 27. Nd3 c4 28. Kf2 Kf7 29. Ke1 c3 30. Nf4 Rc4 31. Nd5 e6 32. Nxc3 Rxb4 33. Nb5 Rxc2 34. Nxd6+ Ke7 35. Nc8+ Rxc8 36. Rxc8 Rxa4 37. Rc7+ Kd6 38. Rxh7 Ra2 39. g4 a5 40. h4 a4 41. h5 gxh5 42. gxh5 b5 43. h6 Rh2 44. Rh8 a3 45. h7 a2 46. Ra8 Rxh7 47. Rxa2 Rh1+ 0-1

[Event "Pombal op 11th"]
[Site "Pombal"]
[Date "2020.10.03"]
[Round "1"]
[White "Simoes, Miguel Patricio"]
[Black "Moldovan, Lucas Gabriel"]
[Result "1-0"]
[WhiteElo "1882"]
[BlackElo "1243"]
[PlyCount "63"]
[EventDate "2020.10.02"]
[EventType "swiss"]
[EventRounds "7"]
[EventCountry "POR"]
[SourceTitle "CBM 198 Extra"]
[Source "ChessBase"]
[SourceDate "2020.11.30"]
[SourceVersion "1"]
[SourceVersionDate "2020.11.30"]
[SourceQuality "1"]

1. e4 c5 2. Nf3 d6 3. d4 cxd4 4. Nxd4 Nf6 5. Nc3 g6 6. Be3 Bg7 7. f3 0-0 8. Bc4 Nc6 9. Bb3 Bd7 10. Qd2 Rc8 11. 0-0-0 Ne5 12. Kb1 Nc4 13. Bxc4 Rxc4 14. g4 h5 15. h4 hxg4 16. h5 Nxh5 17. Rdg1 g3 18. Nce2 f5 19. exf5 Bxf5 20. Nxf5 Rxf5 21. Nxg3 Nxg3 22. Rxg3 Qe8 23. Rhg1 Qb5 24. b3 Qe5 25. c3 Rxc3 26. Rxg6 Qxe3 27. Rxg7+ Kf8 28. Rg8+ Kf7 29. R8g7+ Ke8 30. Rxe7+ Kxe7 31. Re1 Rxf3 32. Qxc3 1-0

[Event "Lisbon Portugal rapid 2op"]
[Site "Lisbon"]
[Date "2020.02.02"]
[Round "2"]
[White "Campora, Daniel Hugo"]
[Black "Simoes, Miguel Patricio"]
[Result "1/2-1/2"]
[WhiteElo "2429"]
[BlackElo "1840"]
[PlyCount "130"]
[EventDate "2020.01.02"]
[EventType "swiss (rapid)"]
[EventRounds "8"]
[EventCountry "POR"]
[SourceTitle "CBM 194 Extra"]
[Source "ChessBase"]
[SourceDate "2020.03.31"]
[SourceVersion "1"]
[SourceVersionDate "2020.03.31"]
[SourceQuality "1"]

1. e4 e5 2. Nf3 Nc6 3. Bb5 a6 4. Ba4 Nf6 5. 0-0 b5 6. Bb3 Be7 7. Re1 0-0 8. d3 d6 9. c3 Na5 10. Bc2 c5 11. Nbd2 Re8 12. Nf1 Bf8 13. Ne3 g6 14. Nd5 Nxd5 15. exd5 Bf5 16. b4 Nb7 17. a4 Bg7 18. Ra3 a5 19. bxc5 b4 20. Ra1 Nxc5 21. Bg5 f6 22. Be3 Rb8 23. cxb4 axb4 24. d4 Ne4 25. dxe5 fxe5 26. Bxe4 Bxe4 27. Ng5 Bf5 28. Qb3 e4 29. Rac1 Bc3 30. Red1 Qf6 31. a5 Ra8 32. Ne6 Rxa5 33. Bg5 Qf7 34. Bd2 Bxe6 35. Bxc3 bxc3 36. dxe6 Qxe6 37. Qxc3 Rc5 38. Qd4 Rxc1 39. Rxc1 e3 40. fxe3 Qxe3+ 41. Qxe3 Rxe3 42. Rc7 Re2 43. Rd7 Rd2 44. h4 d5 45. Kh2 d4 46. Kh3 d3 47. Kg3 Rd1 48. Kf3 d2 49. Kg3 h6 50. Kh2 Kf8 51. Kg3 Ke8 52. Rd3 Kf7 53. Rd4 Ke6 54. Rd8 Ke5 55. Re8+ Kd4 56. Rd8+ Ke3 57. Re8+ Kd3 58. Rd8+ Ke4 59. Re8+ Kf5 60. Rf8+ Ke6 61. Rd8 Kf5 62. Rf8+ Ke6 63. Rd8 Kf5 64. Rf8+ Ke6 65. Rd8 Ke5 1/2-1/2

[Event "Lisbon Portugal rapid 2op"]
[Site "Lisbon"]
[Date "2020.02.02"]
[Round "4"]
[White "Savanovic, Aleksandar"]
[Black "Simoes, Miguel Patricio"]
[Result "1-0"]
[WhiteElo "2409"]
[BlackElo "1840"]
[PlyCount "57"]
[EventDate "2020.01.02"]
[EventType "swiss (rapid)"]
[EventRounds "8"]
[EventCountry "POR"]
[SourceTitle "CBM 194 Extra"]
[Source "ChessBase"]
[SourceDate "2020.03.31"]
[SourceVersion "1"]
[SourceVersionDate "2020.03.31"]
[SourceQuality "1"]

1. e4 e5 2. Nf3 Nc6 3. Bb5 a6 4. Ba4 Nf6 5. 0-0 b5 6. Bb3 Be7 7. Re1 0-0 8. c3 d6 9. h3 Nb8 10. d4 Nbd7 11. Nbd2 c5 12. Nf1 Re8 13. Ng3 g6 14. Bh6 Bb7 15. Qd2 c4 16. Bc2 Kh8 17. Ng5 Kg8 18. f4 Bf8 19. Bxf8 Rxf8 20. Rf1 Qe7 21. Rae1 Rae8 22. b3 exf4 23. Qxf4 h6 24. Nf3 Kg7 25. Nh4 Kh7 26. Nhf5 g5 27. Qc1 Qe6 28. Nxd6 cxb3 29. axb3 1-0

[Event "Lisbon Portugal op"]
[Site "Lisbon"]
[Date "2019.02.02"]
[Round "1"]
[White "Aguera Naredo, Javier"]
[Black "Simoes, Miguel Patricio"]
[Result "1-0"]
[WhiteElo "2346"]
[BlackElo "1881"]
[PlyCount "81"]
[EventDate "2019.02.02"]
[EventType "swiss"]
[EventRounds "9"]
[EventCountry "POR"]
[SourceTitle "CBM 188 Extra"]
[Source "ChessBase"]
[SourceDate "2019.02.26"]
[SourceVersion "1"]
[SourceVersionDate "2019.02.26"]
[SourceQuality "1"]

1. e4 e5 2. Bc4 Nf6 3. d3 h6 4. Nc3 Nc6 5. a3 d6 6. Nge2 Be7 7. 0-0 0-0 8. f4 Bg4 9. h3 Bxe2 10. Qxe2 Nd4 11. Qf2 Ne6 12. f5 Nd4 13. Be3 c5 14. Nd5 Nxd5 15. Bxd5 Bf6 16. c3 Nc6 17. b4 cxb4 18. axb4 a6 19. Rab1 Qd7 20. b5 Ne7 21. bxa6 Nxd5 22. axb7 Rab8 23. exd5 Rxb7 24. c4 Rfb8 25. Rxb7 Qxb7 26. Qa2 Qb3 27. Qxb3 Rxb3 28. Rd1 e4 29. Bf4 Bd4+ 30. Kf1 e3 31. Re1 Rxd3 32. Bxd6 Bc3 33. Rc1 Bb2 34. Rc2 Bf6 35. Ke2 Rb3 36. c5 Ra3 37. c6 Ra8 38. c7 Rc8 39. Kxe3 g6 40. Bb4 Be5 41. d6 1-0

[Event "Sao Martinho do Porto op 1st"]
[Site "Sao Martinho do Porto"]
[Date "2018.09.20"]
[Round "8"]
[White "Simoes, Miguel Patricio"]
[Black "February, Jesse Nikki"]
[Result "1-0"]
[WhiteElo "1805"]
[BlackElo "1933"]
[PlyCount "91"]
[EventDate "2018.09.15"]
[EventType "swiss"]
[EventRounds "9"]
[EventCountry "POR"]
[SourceTitle "CBM 186 Extra"]
[Source "ChessBase"]
[SourceDate "2018.08.24"]
[SourceVersion "1"]
[SourceVersionDate "2018.08.24"]
[SourceQuality "1"]

1. e4 e6 2. d4 d5 3. Nd2 Nc6 4. Ngf3 Nf6 5. e5 Nd7 6. c3 f6 7. exf6 Qxf6 8. Bb5 a6 9. Bxc6 bxc6 10. 0-0 Bd6 11. c4 0-0 12. c5 Bf4 13. Nb3 e5 14. Bxf4 Qxf4 15. dxe5 Nxe5 16. Nxe5 Qxe5 17. Qd4 Qg5 18. f4 Qg6 19. Rf3 Rf6 20. Re1 Qf7 21. Rfe3 Be6 22. Qe5 Rf8 23. g3 Bh3 24. Qe8 g5 25. Qxf7+ R8xf7 26. g4 Bxg4 27. fxg5 Rf2 28. Rg3 Be2 29. Nd4 Bb5 30. Re8+ Kg7 31. Ne6+ Kg6 32. Rg8+ Kh5 33. g6 Rf1+ 34. Kg2 R7f2+ 35. Kh3 Rh1 36. Nf4+ Rxf4 37. Kg2 Rd1 38. Rh3+ Kg5 39. gxh7+ Kf5 40. Rf8+ Ke4 41. Rxf4+ Kxf4 42. Rh4+ Kg5 43. h8Q Rd2+ 44. Kf3 Rd3+ 45. Kf2 Rd2+ 46. Ke1 1-0

[Event "Sao Martinho do Porto op 1st"]
[Site "Sao Martinho do Porto"]
[Date "2018.09.16"]
[Round "3"]
[White "Simoes, Miguel Patricio"]
[Black "Hart, Alexander E"]
[Result "1/2-1/2"]
[WhiteElo "1805"]
[BlackElo "1901"]
[PlyCount "157"]
[EventDate "2018.09.15"]
[EventType "swiss"]
[EventRounds "9"]
[EventCountry "POR"]
[SourceTitle "CBM 186 Extra"]
[Source "ChessBase"]
[SourceDate "2018.08.24"]
[SourceVersion "1"]
[SourceVersionDate "2018.08.24"]
[SourceQuality "1"]

1. e4 c6 2. Nc3 d5 3. Nf3 Bg4 4. h3 Bxf3 5. Qxf3 e6 6. d4 dxe4 7. Qxe4 Nf6 8. Qh4 Nbd7 9. Bg5 Qa5 10. Bd2 Be7 11. Qg5 Qxg5 12. Bxg5 Nd5 13. Bxe7 Kxe7 14. Nxd5+ cxd5 15. Bd3 Rac8 16. 0-0 h5 17. f4 f5 18. Rfe1 Kf7 19. Rac1 Nb6 20. b3 Rc3 21. Re2 Rhc8 22. Rce1 R8c6 23. Kh2 Nc8 24. g4 hxg4 25. hxg4 Ne7 26. Kg3 fxg4 27. Kxg4 Kf6 28. Re5 g6 29. Rg5 Nf5 30. Rc1 Rc8 31. Rh1 Rg8 32. Kf3 Nxd4+ 33. Ke3 Nf5+ 34. Kd2 Rcc8 35. Rh7 Rg7 36. Rxg7 Kxg7 37. c4 dxc4 38. Bxc4 Kf6 39. Rg1 Rc6 40. Rh1 a5 41. Rh8 b6 42. Rf8+ Ke7 43. Rg8 Kf7 44. Rb8 Rd6+ 45. Kc3 Ne3 46. a4 Ng2 47. b4 axb4+ 48. Kxb4 Nxf4 49. Kb5 Nd5 50. Bxd5 exd5 51. Rxb6 Rxb6+ 52. Kxb6 g5 53. a5 g4 54. a6 g3 55. a7 g2 56. a8Q g1Q+ 57. Kc6 Qg6+ 58. Kc5 Qc2+ 59. Kd6 Qh2+ 60. Kc5 Qf2+ 61. Kd6 Qf6+ 62. Kc5 Qc3+ 63. Kd6 Qg3+ 64. Kc5 Qe3+ 65. Kd6 d4 66. Qa2+ Kf6 67. Qa1 Kf5 68. Qd1 d3 69. Qh5+ Kf4 70. Qh4+ Kf3 71. Qh3+ Ke2 72. Qg2+ Kd1 73. Qf1+ Kc2 74. Qf5 Qb6+ 75. Ke7 Qe3+ 76. Kd6 Qb6+ 77. Kd5 Qg1 78. Kc4 Qb6 79. Qxd3+ 1/2-1/2

[Event "POR-ch U14"]
[Site "Luso"]
[Date "2018.03.25"]
[Round "2"]
[White "Correia, Bruno Filipe Soares"]
[Black "Simoes, Miguel Patricio"]
[Result "1/2-1/2"]
[WhiteElo "1330"]
[BlackElo "1809"]
[PlyCount "39"]
[EventDate "2018.03.24"]
[EventType "swiss"]
[EventRounds "7"]
[EventCountry "POR"]
[SourceTitle "EXT 2019"]
[Source "ChessBase"]
[SourceDate "2018.10.10"]
[SourceVersion "1"]
[SourceVersionDate "2018.10.10"]
[SourceQuality "1"]

1. d4 Nf6 2. Bf4 g6 3. Nf3 Bg7 4. e3 d6 5. h3 0-0 6. Bd3 Nbd7 7. c3 Re8 8. Bh2 e5 9. Bc2 Qe7 10. 0-0 b6 11. Qe2 Bb7 12. dxe5 Nxe5 13. Nbd2 Rad8 14. Rad1 Nfd7 15. Nd4 Nc6 16. N2b3 Nf6 17. Nxc6 Bxc6 18. Nd4 Bd7 19. Rfe1 Ne4 20. Qf3 1/2-1/2

[Event "POR-ch U14"]
[Site "Luso"]
[Date "2018.03.25"]
[Round "3"]
[White "Simoes, Miguel Patricio"]
[Black "Bastiao, Tomas"]
[Result "1-0"]
[WhiteElo "1809"]
[BlackElo "1267"]
[PlyCount "45"]
[EventDate "2018.03.24"]
[EventType "swiss"]
[EventRounds "7"]
[EventCountry "POR"]
[SourceTitle "EXT 2019"]
[Source "ChessBase"]
[SourceDate "2018.10.10"]
[SourceVersion "1"]
[SourceVersionDate "2018.10.10"]
[SourceQuality "1"]

1. e4 c5 2. Nf3 d6 3. d4 cxd4 4. Nxd4 g6 5. Nc3 Bg7 6. Be3 Nf6 7. Bc4 a6 8. f3 Nc6 9. Qd2 Bd7 10. 0-0-0 b5 11. Nxc6 Bxc6 12. Bb3 0-0 13. h4 h5 14. Nd5 Nxd5 15. Bxd5 Bxd5 16. Qxd5 Qd7 17. e5 Rfe8 18. Rhe1 Rad8 19. Bg5 Kf8 20. e6 fxe6 21. Rxe6 Rc8 22. Rxg6 Rc5 23. Qxc5 1-0

[Event "Lisbon Portugal op"]
[Site "Lisbon"]
[Date "2018.02.04"]
[Round "4"]
[White "Nikanova, Ekaterina"]
[Black "Simoes, Miguel Patricio"]
[Result "1-0"]
[WhiteElo "2048"]
[BlackElo "1794"]
[PlyCount "83"]
[EventDate "2018.02.03"]
[EventType "swiss"]
[EventRounds "9"]
[EventCountry "POR"]
[SourceTitle "EXT 2019"]
[Source "ChessBase"]
[SourceDate "2018.10.10"]
[SourceVersion "1"]
[SourceVersionDate "2018.10.10"]
[SourceQuality "1"]

1. e4 e5 2. Nf3 Nc6 3. Bb5 a6 4. Ba4 Nf6 5. 0-0 b5 6. Bb3 Be7 7. c3 d6 8. h3 0-0 9. Re1 Na5 10. Bc2 c5 11. d4 Qc7 12. Nbd2 Re8 13. Nf1 g6 14. d5 Bf8 15. Bg5 Bg7 16. a3 Bd7 17. g4 Nc4 18. Qc1 Rac8 19. Ng3 a5 20. b3 Nb6 21. Bh6 c4 22. b4 axb4 23. axb4 Ra8 24. Qg5 Na4 25. Bxa4 Rxa4 26. Bxg7 Kxg7 27. Nh4 Ng8 28. Nhf5+ Kh8 29. Nh6 Nxh6 30. Qxh6 Rea8 31. Rxa4 bxa4 32. Kh1 a3 33. Nh5 gxh5 34. gxh5 Bg4 35. Qf6+ Kg8 36. Rg1 Qc8 37. h6 Kf8 38. Qxd6+ Kg8 39. Rxg4+ Qxg4 40. hxg4 Re8 41. Qf6 Kf8 42. d6 1-0

[Event "Lisbon Portugal op"]
[Site "Lisbon"]
[Date "2018.02.04"]
[Round "3"]
[White "Simoes, Miguel Patricio"]
[Black "Ferreira, Hugo Miguel da Cost"]
[Result "0-1"]
[WhiteElo "1794"]
[BlackElo "2158"]
[PlyCount "78"]
[EventDate "2018.02.03"]
[EventType "swiss"]
[EventRounds "9"]
[EventCountry "POR"]
[SourceTitle "EXT 2019"]
[Source "ChessBase"]
[SourceDate "2018.10.10"]
[SourceVersion "1"]
[SourceVersionDate "2018.10.10"]
[SourceQuality "1"]

1. e4 c6 2. Nc3 d5 3. Nf3 dxe4 4. Nxe4 Nf6 5. Qe2 Bf5 6. Nxf6+ gxf6 7. d3 Qb6 8. g3 Nd7 9. Bg2 0-0-0 10. 0-0 e5 11. Nd2 Be6 12. Nb3 h5 13. Be3 Qc7 14. f4 h4 15. f5 Bd5 16. g4 Bxg2 17. Qxg2 h3 18. Qe4 Nb6 19. c4 Bh6 20. Rf3 Bxe3+ 21. Qxe3 e4 22. dxe4 Nxc4 23. Qxa7 Qe5 24. Re1 Rhg8 25. Rg3 Qxb2 26. Qf2 Qe5 27. Qc2 Qb5 28. Rc1 Ne5 29. Rd1 Qb6+ 30. Kh1 Nxg4 31. Rxd8+ Qxd8 32. Nc5 Qd4 33. Nb3 Nf2+ 34. Kg1 Rxg3+ 35. hxg3 Qe3 36. Qd2 Qxg3+ 37. Kf1 h2 38. Qxf2 h1Q+ 39. Ke2 Qxf2+ 0-1

[Event "POR Associations Cup"]
[Site "Almeirim"]
[Date "2017.10.15"]
[Round "3.3"]
[White "Machado, Tomas Dias"]
[Black "Simoes, Miguel Patricio"]
[Result "0-1"]
[WhiteElo "1822"]
[BlackElo "1661"]
[PlyCount "56"]
[EventDate "2017.10.14"]
[EventType "team-k.o."]
[EventRounds "3"]
[EventCountry "POR"]
[SourceTitle "CBM 181 Extra"]
[Source "ChessBase"]
[SourceDate "2017.12.12"]
[SourceVersion "1"]
[SourceVersionDate "2017.12.12"]
[SourceQuality "1"]
[WhiteTeam "Ateneu Popular Montijo"]
[BlackTeam "Corvos Do Lis"]
[WhiteTeamCountry "POR"]
[BlackTeamCountry "POR"]

1. e4 e5 2. Nf3 Nc6 3. d4 exd4 4. Nxd4 Bc5 5. Nb3 Bb6 6. Nc3 d6 7. Be2 Be6 8. 0-0 Nf6 9. Bg5 Qd7 10. Bb5 0-0 11. Bxf6 gxf6 12. Nd5 Qd8 13. Nxb6 axb6 14. f4 Kh8 15. c4 Rg8 16. f5 Bd7 17. Bxc6 Bxc6 18. Rf4 Qe7 19. Qd2 Ra4 20. Qc2 b5 21. Nd2 Qe5 22. Rh4 Qd4+ 23. Kh1 Qf2 24. g3 Rxc4 25. Qd1 Rd4 26. Qb3 Rxd2 27. Rg1 d5 28. Rf4 Qxh2# 0-1